| 000 | 00757cam a22002771 4500 | ||
|---|---|---|---|
| 001 | sa 68005703 | ||
| 003 | DLC | ||
| 005 | 20260227112511.0 | ||
| 008 | 900213s1967 ii 000 0 sano | ||
| 010 | _asa 68005703 | ||
| 035 | _a(OCoLC)21059538 | ||
| 040 |
_aDLC _cWaU _dDLC |
||
| 041 | 0 | _asanhin | |
| 042 | _apremarc | ||
| 043 | _aa-ii--- | ||
| 050 | 0 | 0 |
_aPK2916 _b.M3 1967 |
| 100 | 0 | _aMammaṭācārya. | |
| 245 | 1 | 0 | _aKāvyaprakāśaḥ. |
| 260 | _c1967. | ||
| 300 |
_avi, 42, 632, 9 p. _c23 cm. |
||
| 500 | _aHindi and Sanskrit; introductory matter and notes in Hindi. | ||
| 650 | 0 |
_aSanskrit poetry _xHistory and criticism. |
|
| 650 | 0 | _aPoetics. | |
| 700 | 1 |
_aŚāstrī, Śrīnivāsa, _d1916- |
|
| 700 | 1 |
_aŚāstrī, Haridatta, _d1905- |
|
| 999 |
_c80892 _d80892 |
||